000 00342nam a2200133Ia 4500
008 240624s9999 xx 000 0 und d
041 _aeng
082 _a343.0999 SHA
100 _aSHARMA VAKUL
245 _aINFORMATION TECHNOLOGY LAW AND PRACTICE
260 _c2004
_aDelhi
_bUniversal Law Publishing
300 _axxxiv, : 454
365 _cRS
999 _c1524
_d1524